| 000 | 00438 a2200145 4500 | ||
|---|---|---|---|
| 001 | 72735 | ||
| 082 | _a621.38153 MAN | ||
| 090 |
_c38844 _d38844 |
||
| 100 | _aMano, M. Morris | ||
| 245 |
_aLogic and computer design fundamentals, 2nd Ed _cMorris Mano, M. |
||
| 250 | _a2 | ||
| 260 |
_aSingapore _bPearson Edu /low priced Ed, NJ /Singapore Priced Edition _c2001 |
||
| 300 |
_axvi, 650 p _borigional |
||
| 500 | _aBE textbook Avionics | ||
| 942 |
_aNUST-CAE _k621.38153 MAN |
||
| 999 |
_c307808 _d307808 |
||